ბათუმის შოთა რუსთაველის სახელმწიფო უნივერსიტეტის ბიბლიოთეკა

ლექსები.წ.2 (ბიბ.ჩანაწერი № 42955)

000 -LEADER
fixed length control field 00558nam a2200205Ia 4500
001 - CONTROL NUMBER
control field 9671
003 - CONTROL NUMBER IDENTIFIER
control field GE_BSU
008 - FIXED-LENGTH DATA ELEMENTS--GENERAL INFORMATION
fixed length control field 181216s||||||||xx |||||||||||||| ||und||
040 ## - CATALOGING SOURCE
Transcribing agency GE_BSU
080 ## - UNIVERSAL DECIMAL CLASSIFICATION NUMBER
Universal Decimal Classification number 821.353.1–1
100 ## - MAIN ENTRY--PERSONAL NAME
Personal name ნადირაძე,ნიკოლოზ
245 ## - TITLE STATEMENT
Title ლექსები.წ.2
245 ## - TITLE STATEMENT
Statement of responsibility, etc. რედ.დ.ბენაშვილი
260 ## - PUBLICATION, DISTRIBUTION, ETC.
Place of publication, distribution, etc. თბილისი
260 ## - PUBLICATION, DISTRIBUTION, ETC.
Name of publisher, distributor, etc. ფედერაცია
260 ## - PUBLICATION, DISTRIBUTION, ETC.
Date of publication, distribution, etc. 1939
300 ## - PHYSICAL DESCRIPTION
Extent 130გვ.15სმ.
653 ## - INDEX TERM--UNCONTROLLED
Uncontrolled term ლექსები
942 ## - ADDED ENTRY ELEMENTS (KOHA)
Koha item type წიგნი
ეგზემპლარები
Withdrawn status Lost status Damaged status Not for loan Date acquired Barcode Date last seen Price effective from Koha item type
        2018-12-17 32755 2018-12-17 2018-12-17 წიგნი
        2018-12-17 32756 2018-12-17 2018-12-17 წიგნი
        2018-12-17 32757 2018-12-17 2018-12-17 წიგნი
        2018-12-17 32758 2018-12-17 2018-12-17 წიგნი
        2018-12-17 32759 2018-12-17 2018-12-17 წიგნი
        2018-12-17 32760 2018-12-17 2018-12-17 წიგნი
        2018-12-17 32761 2018-12-17 2018-12-17 წიგნი
        2018-12-17 32762 2018-12-17 2018-12-17 წიგნი
        2018-12-17 32763 2018-12-17 2018-12-17 წიგნი
        2018-12-17 32764 2018-12-17 2018-12-17 წიგნი
        2018-12-17 32765 2018-12-17 2018-12-17 წიგნი